00274 a2200097 4500001001000000005001700010008004100027245003800068100002300106773004700129ART_5654520260410162049.0260409a 10aImpuesto, legalidad y democracia.1 aRosembuj, Tulio R.0 tImpuestosg- N° 127 (jul. 2022)wREV45175